Adventures of Tom Sawyer
| Main Author: | |
|---|---|
| Other Authors: | |
| Format: | Book |
| Published: |
s.l. :
Troll Associates ,
1990
|
| Series: | Troll illustrated classics
|
| Subjects: |
MARC
| LEADER | 00000cam a2200000 7i4500 | ||
|---|---|---|---|
| 001 | 0000003608 | ||
| 002 | 000003883 | ||
| 005 | 20000330.0 | ||
| 020 | |a 0816718601 | ||
| 090 | 0 | 0 | |a JF |b TWA |
| 100 | 1 | |a Twain, Mark | |
| 245 | 1 | 0 | |a Adventures of Tom Sawyer |c Mark Twain ; illustrated by Ray Burns |
| 260 | |a s.l. : |b Troll Associates , |c 1990 | ||
| 300 | |a 48p. : |b ill. ; |c 28cm. | ||
| 490 | 0 | |a Troll illustrated classics | |
| 650 | 0 | 0 | |a Children's stories |
| 700 | 1 | |a Burns, Ray , |e Illustrated by | |
| 999 | |a 031595 |b BUKU |c PINJAMAN |e PERPUSTAKAAN KOMUNITI PETALING JAYA | ||